| 000 | 01290nam0a22002771 4500 | ||
|---|---|---|---|
| 001 | v19\rc\1846988 | ||
| 005 | 20260406151336.0 | ||
| 035 | _a(NLR Aleph) 004943231 | ||
| 090 |
_a5803623 _c5803623 |
||
| 100 | _a20080221d1909 |||y0rusy50 ca | ||
| 101 | 0 | _arus | |
| 102 | _aRU | ||
| 105 | _aa z ||||| | ||
| 200 | 1 |
_aСвятой праведный Симеон, Верхотурский чудотворец _eО святых мощах сего угодника божия, открыто почивающих в Верхотур. Николаев. муж. монастыре _eК 12 сент. 1909 г. _f[В.С. Баранов] |
|
| 210 |
_aВерхотурье _cВерхотур. Николаев. монастырь _d[1909] _eНижний Новгород |
||
| 215 |
_a30 с. _cил. _d22 |
||
| 300 | _aАвт. указан в конце текста | ||
| 700 | 1 |
_aБаранов _bВ.С. _gВасилий Семенович |
|
| 702 | 0 |
_aСимеон Верхотурский _cсв. _f17 в. _4570 |
|
| 712 | 0 | 2 |
_aВерхотурский Николаевский мужской монастырь _3RU\NLR\AUTH\889926863 _9349423 |
| 801 | 0 |
_aRU _bNLR _gpsbo |
|
| 801 | 0 |
_aRU _bRuMoRGB _2psbo |
|
| 801 | 1 |
_aRU _bProSoft-M _2rusmarc |
|
| 852 |
_aNLR _j34.87.6.284 |
||
| 942 | _cBOOK | ||
| 980 | _aNB | ||